Vista normal
Vista MARC
Entrada Personal Name
Número de registros utilizados en: 2
001 - CONTROL NUMBER
- control field: 38433
003 - CONTROL NUMBER IDENTIFIER
- control field: OSt
005 - DATE AND TIME OF LATEST TRANSACTION
- control field: 20230915232048.0
008 - FIXED-LENGTH DATA ELEMENTS
- fixed length control field: 230915|| aca||aabn | a|a d
040 ## - CATALOGING SOURCE
- Original cataloging agency: OSt
- Transcribing agency: OSt
100 ## - HEADING--PERSONAL NAME
- Personal name: Villán, Oscar 1972 -
670 ## - SOURCE DATA FOUND
- Source citation: Work cat.: (OSt)32856: Bowley, Tim 1945 - 38432, No hay escapatoria y otros cuentos maravillosos Tim Bowley, Oscar Villán ; [traducción, Casilda Regueiro]